[Event "AUTO-ADV-3226"]
[Site "http://www.queenalice.com/game.php?id=1304424"]
[Date "2014.8.27"]
[Round "1"]
[White "chessman"]
[Black "V_Spy"]
[Result "1-0"]
[WhiteElo "1937"]
[BlackElo "1746"]

1. e4 e5 2. Nf3 Nc6 3. Bc4 Bc5 4. b4 Bxb4 5. c3 Ba5 6. O-O d6 7. h3 Nf6 8. d4
exd4 9. cxd4 Nxe4 10. Bd5 Bc3 11. Bxf7+ Kxf7 12. Nxc3 Nxc3 13. Qb3+ Be6 14. Qxc3
Rf8 15. Ng5+ Ke7 16. Re1 Rf6 17. Nxe6 Rxe6 18. Rxe6+ Kxe6 19. d5+ Ke7 20. Bg5+
1-0

[Event "AUTO-ADV-3226"]
[Site "http://www.queenalice.com/game.php?id=1304425"]
[Date "2014.8.27"]
[Round "1"]
[White "V_Spy"]
[Black "chessman"]
[Result "1/2-1/2"]
[WhiteElo "1708"]
[BlackElo "2018"]

1. e4 e6 2. d4 d5 3. e5 c5 4. c3 Nc6 5. Nf3 cxd4 6. cxd4 Bb4+ 7. Bd2 Bxd2+ 8.
Nbxd2 Nge7 9. Bd3 Qb6 10. Nb3 Qb4+ 11. Qd2 Qxd2+ 12. Nbxd2 Bd7 13. Nb3 O-O 14.
Nc5 Bc8 15. h4 b6 16. Nb3 Nb4 17. Nc1 Ba6 18. Kd2 Bxd3 19. Nxd3 Nxd3 20. Kxd3
Rfc8 21. Rhc1 Ng6 22. g3 h6 23. h5 Ne7 24. g4 Kf8 25. g5 Nf5 26. g6 fxg6 27.
hxg6 Ke7 28. Rc3 Rxc3+ 29. bxc3 Rc8 30. a4 a6 31. Rb1 Rb8 32. a5 b5 33. Nd2
1/2-1/2

[Event "AUTO-ADV-3226"]
[Site "http://www.queenalice.com/game.php?id=1304432"]
[Date "2014.8.27"]
[Round "1"]
[White "V_Spy"]
[Black "qxr"]
[Result "1/2-1/2"]
[WhiteElo "1769"]
[BlackElo "1806"]

1. e4 c5 2. Nf3 d6 3. d4 cxd4 4. Nxd4 Nf6 5. Nc3 a6 6. Bg5 e6 7. f4 Qb6 8. Nb3
Be7 9. Qf3 Nbd7 10. O-O-O Nc5 11. Nxc5 Qxc5 12. Kb1 Bd7 13. Be2 Bc6 14. Bh4 b5
15. a3 a5 16. Bf2 Qh5 17. Qxh5 Nxh5 18. Bxh5 O-O 19. Rhe1 b4 20. axb4 axb4 21.
Na2 Rfb8 22. b3 Ra5 23. Bf3 Rba8 24. Nxb4 Bd7 25. Kb2 d5 26. exd5 Bxb4 27. c3
Ra2+ 28. Kc1 Bxc3 29. Re2 R2a3 30. dxe6 Bxe6 31. Bxa8 Rxa8 32. Ra2 Rc8 33. Rc2
Bxb3 34. Rxc3 Rxc3+ 35. Kb2 Bxd1 36. Kxc3 f5 37. h4 g6 38. g3 1/2-1/2

[Event "AUTO-ADV-3226"]
[Site "http://www.queenalice.com/game.php?id=1304433"]
[Date "2014.8.27"]
[Round "1"]
[White "qxr"]
[Black "V_Spy"]
[Result "1-0"]
[WhiteElo "1790"]
[BlackElo "1785"]

1. c4 e5 2. Nc3 Nc6 3. g3 g6 4. Bg2 Bg7 5. e3 d6 6. Nge2 Be6 7. d4 exd4 8. Nxd4
Bxd4 9. exd4 Bxc4 10. Bd5 Qe7+ 11. Ne2 Bxd5 12. O-O Nf6 13. Bg5 Qe4 14. f3 Qf5
15. Bxf6 Qxf6 16. Nc3 Be6 17. d5 Bxd5 18. Nxd5 Qd8 19. Re1+ Kd7 20. Qb3 b6 21.
Qc4 Ne5 22. Qc3 Re8 23. f4 c6 24. Nb4 Qc7 25. fxe5 dxe5 26. Rad1+ Kc8 27. Rc1 c5
28. Nd5 Qc6 29. Qf3 f5 30. Ne7+ Rxe7 31. Qxc6+ Kb8 32. Qd6+ 1-0

[Event "AUTO-OPEN-3317"]
[Site "http://www.queenalice.com/game.php?id=1304555"]
[Date "2014.8.28"]
[Round "1"]
[White "V_Spy"]
[Black "pomar"]
[Result "0-1"]
[WhiteElo "1768"]
[BlackElo "2019"]

1. e4 e6 2. d4 d5 3. e5 c5 4. c3 Qb6 5. Nf3 Nc6 6. a3 cxd4 7. cxd4 Nge7 8. Bd3
Bd7 9. Qc2 Nxd4 10. Nxd4 Qxd4 11. Qe2 Nc6 12. f4 Bc5 13. Rf1 Na5 14. Qc2 Ba4 15.
Qc3 Nb3 16. Qxd4 Bxd4 17. Bc2 Nxa1 18. Bxa4+ Ke7 19. Nd2 Rhc8 20. Kd1 a6 21. Nf3
Ba7 22. b4 b5 23. Bxb5 axb5 24. Nd4 Bxd4 0-1

[Event "AUTO-OPEN-3317"]
[Site "http://www.queenalice.com/game.php?id=1304556"]
[Date "2014.8.28"]
[Round "1"]
[White "pomar"]
[Black "V_Spy"]
[Result "0-1"]
[WhiteElo "2045"]
[BlackElo "1740"]

1. f3 d5 2. Kf2 e5 3. e3 Bc5 4. g3 Nc6 5. c4 d4 6. Qb3 Nge7 7. Bh3 Bxh3 8. Nxh3
b6 9. Re1 Qd7 10. d3 Qxh3 11. Kg1 dxe3 12. Bxe3 Bxe3+ 13. Rxe3 Nf5 14. Re4 Qh5
15. g4 Qh3 16. gxf5 Qxf3 17. Nd2 Qxf5 18. Rf1 Qg5+ 19. Kh1 Qxd2 20. Qb5 O-O 21.
Qxc6 Qxd3 22. Kg2 Qd6 23. Qb5 Qg6+ 24. Kf3 Qf5+ 0-1

[Event "AUTO-OPEN-3317"]
[Site "http://www.queenalice.com/game.php?id=1304557"]
[Date "2014.8.28"]
[Round "1"]
[White "V_Spy"]
[Black "barrai"]
[Result "0-1"]
[WhiteElo "1764"]
[BlackElo "2057"]

1. e4 c5 2. Nf3 d6 3. Bb5+ Bd7 4. Bxd7+ Nxd7 5. O-O Ngf6 6. d3 g6 7. Nbd2 Bg7 8.
c3 O-O 9. b3 e5 10. Bb2 b5 11. c4 b4 12. h3 Nh5 13. a3 Nf4 14. Qc2 a5 15. axb4
cxb4 16. Rfe1 Nc5 17. Re3 Bh6 18. g3 Nxh3+ 19. Kh2 Nxf2 20. Nf1 Ng4+ 21. Kg2
Nxe3+ 22. Nxe3 Bxe3 23. Re1 Bh6 24. Rh1 Bg7 25. Bc1 a4 26. bxa4 b3 27. Qf2 Rxa4
28. Bb2 Nxd3 29. Qd2 Nxb2 30. Qxb2 Ra2 0-1

[Event "AUTO-OPEN-3317"]
[Site "http://www.queenalice.com/game.php?id=1304558"]
[Date "2014.8.28"]
[Round "1"]
[White "barrai"]
[Black "V_Spy"]
[Result "1-0"]
[WhiteElo "2065"]
[BlackElo "1710"]

1. e4 e5 2. Bc4 Nf6 3. d3 Nc6 4. c3 a6 5. a4 d6 6. Nf3 h6 7. h3 Bd7 8. O-O g5 9.
Bxg5 hxg5 10. Nxg5 Bh6 11. Nxf7 Qe7 12. Nxh8 Qg7 13. Nf7 d5 14. exd5 Qxf7 15.
dxc6 Qe7 16. cxd7+ Nxd7 17. Qh5+ 1-0

[Event "AUTO-OPEN-3317"]
[Site "http://www.queenalice.com/game.php?id=1304559"]
[Date "2014.8.28"]
[Round "1"]
[White "V_Spy"]
[Black "Bira"]
[Result "1-0"]
[WhiteElo "1752"]
[BlackElo "1149"]

1. e4 e5 2. Nf3 Bd6 3. Nc3 Na6 4. d4 Bb4 5. Bg5 f6 6. Bh4 Ne7 7. dxe5 f5 8. exf5
Bxc3+ 9. bxc3 c5 10. e6 Nxf5 11. Bxd8 Kxd8 12. Bb5 Nc7 13. exd7 Nh6 14. dxc8=Q+
Kxc8 15. Qd7+ Kb8 16. Rb1 a6 17. Bxa6 Rxa6 18. O-O Rxa2 19. Ne5 Rxc2 20. Nc6+
Ka8 21. Ra1+ Na6 22. Rxa6+ bxa6 23. Qa7# 1-0

[Event "AUTO-OPEN-3317"]
[Site "http://www.queenalice.com/game.php?id=1304560"]
[Date "2014.8.28"]
[Round "1"]
[White "Bira"]
[Black "V_Spy"]
[Result "0-1"]
[WhiteElo "1159"]
[BlackElo "1762"]

1. a4 c6 2. a5 d5 3. d4 e6 4. h4 Ne7 5. h5 Nf5 6. c3 Bd6 7. g4 Nh6 8. Bxh6 gxh6
9. Qd2 Qf6 10. Nf3 c5 11. Ne5 cxd4 12. Nd3 dxc3 13. Qxc3 Qxc3+ 14. Nxc3 d4 15.
Ne4 Be7 16. Rc1 Na6 17. e3 dxe3 18. fxe3 Bg5 19. Nxg5 hxg5 20. h6 f5 21. Nf2 Nb4
22. gxf5 exf5 23. Bg2 O-O 24. Bd5+ Nxd5 25. e4 fxe4 26. Rh5 Bd7 27. Rxg5+ Kh8
28. Rxd5 Rad8 29. Nxe4 Rfe8 30. Rd4 Bf5 31. Rxd8 Rxd8 32. Ng3 Rd5 33. Nxf5 Re5+
34. Kd2 Kg8 35. Rc8+ Kf7 36. Nd6+ Kg6 37. b4 Rd5+ 38. Kc3 Rxd6 39. Rc7 Rc6+ 40.
Kd4 Rxc7 41. Kd5 Kxh6 42. Kd6 Rc6+ 43. Kd5 Kg5 44. b5 Rf6 45. Ke5 h5 46. b6 axb6
0-1

[Event "Challenge"]
[Site "http://www.queenalice.com/game.php?id=1305481"]
[Date "2014.9.1"]
[Round "-"]
[White "ORNELAS"]
[Black "V_Spy"]
[Result "0-1"]
[WhiteElo "1716"]
[BlackElo "1752"]

1. e4 e5 2. Nf3 Nc6 3. c3 Nf6 4. b4 Nxe4 5. d3 Nf6 6. a3 d5 7. Bg5 h6 8. Bh4 g5
9. Bg3 Bg4 10. Be2 Qe7 11. Nbd2 O-O-O 12. h3 Bxf3 13. Bxf3 Bg7 14. Bg4+ Kb8 15.
O-O h5 16. Be2 Qe6 17. Nf3 Qf5 18. b5 Ne7 19. a4 g4 20. hxg4 Nxg4 21. Nh4 Qe6
22. Bxg4 hxg4 23. a5 Bf6 24. b6 Bxh4 25. bxa7+ Kxa7 26. Bxh4 Rxh4 27. g3 Rh3 28.
Qe2 Rdh8 29. d4 Rh1+ 30. Kg2 R8h2# 0-1

[Event "OS INCLIVEIS"]
[Site "http://www.queenalice.com/game.php?id=1307569"]
[Date "2014.9.11"]
[Round "-"]
[White "V_Spy"]
[Black "adelio"]
[Result "0-1"]
[WhiteElo "1770"]
[BlackElo "1856"]

1. e4 a6 2. Nf3 c5 3. c3 Nc6 4. d3 Ra7 5. d4 b5 6. dxc5 e5 7. b4 Be7 8. Be3 h5
9. a3 h4 10. h3 g5 11. Nfd2 d5 12. f3 d4 13. Bf2 Nh6 14. cxd4 exd4 15. Nb3 Bf6
16. Ra2 Be6 17. Rb2 d3 18. Rd2 Rd7 19. Bxd3 Be5 20. g4 hxg3 21. Be3 g2 22. Rxg2
Rxd3 23. Rd2 Bg3+ 24. Kf1 Bxb3 25. Qxb3 Rxb3 26. Rxd8+ Nxd8 0-1

[Event "AUTO-OPEN-3331"]
[Site "http://www.queenalice.com/game.php?id=1309400"]
[Date "2014.9.20"]
[Round "1"]
[White "Paraucho"]
[Black "V_Spy"]
[Result "1-0"]
[WhiteElo "2039"]
[BlackElo "1757"]

1. e4 e5 2. Bc4 Nf6 3. Qe2 Nc6 4. c3 h6 5. h3 a6 6. Nf3 d6 7. O-O Be7 8. Rd1 b5
9. Bb3 Na5 10. Bc2 c5 11. d4 Qc7 12. Be3 Nc4 13. Bb3 Nxe4 14. Bxc4 bxc4 15. dxe5
dxe5 16. Qxc4 Nd6 17. Qxc5 Qxc5 18. Bxc5 e4 19. Nd4 Nf5 20. Bxe7 Nxe7 21. Re1 f5
22. Nd2 O-O 23. f3 Bb7 24. fxe4 fxe4 25. Nxe4 Nf5 26. Nxf5 Rxf5 27. Nd6 1-0

[Event "AUTO-OPEN-3331"]
[Site "http://www.queenalice.com/game.php?id=1309401"]
[Date "2014.9.20"]
[Round "1"]
[White "V_Spy"]
[Black "Paraucho"]
[Result "1-0"]
[WhiteElo "1767"]
[BlackElo "2044"]

1. e4 c6 2. d4 d5 3. Nc3 e6 4. e5 Qb6 5. Nf3 c5 6. dxc5 Bxc5 7. Qe2 a6 8. b3 Bb4
9. Bd2 Nc6 10. a3 Bxc3 11. Bxc3 Nge7 12. Qd2 Ng6 13. Qg5 O-O 14. Bd3 Qc7 15.
O-O-O Nce7 16. Kb2 Bd7 17. Qg4 Rac8 18. Qd4 Nc6 19. Qc5 Qb8 20. Bxg6 fxg6 21.
Qe3 Qc7 22. Rd3 Ne7 23. g4 Bb5 24. Rd2 Rfd8 25. Nd4 Bd7 26. f4 Nc6 27. h4 Nxd4
28. Bxd4 Rf8 29. h5 gxh5 30. Rxh5 Be8 31. Rhh2 Bg6 32. c3 Qd7 33. Rd1 Rc6 34.
Rc1 b5 35. b4 Qf7 36. Rf2 Qd7 37. Kb3 Ra8 38. Qh3 Rf8 39. Ra1 Ra8 40. Bc5 a5 41.
Raf1 axb4 42. Bxb4 d4 43. cxd4 Qxd4 44. f5 Bf7 45. f6 Ra4 46. Rc2 Rxc2 47. Kxc2
Bg6+ 48. Rf5 Qxe5 49. f7+ 1-0

[Event "AUTO-OPEN-3331"]
[Site "http://www.queenalice.com/game.php?id=1309425"]
[Date "2014.9.20"]
[Round "1"]
[White "V_Spy"]
[Black "BobbySponja"]
[Result "0-1"]
[WhiteElo "1752"]
[BlackElo "1823"]

1. e4 Nf6 2. e5 Nd5 3. c4 Nf4 4. d4 Ng6 5. Bd3 e6 6. Bxg6 hxg6 7. Bd2 d6 8. Qa4+
c6 9. Nf3 Bd7 10. c5 dxc5 11. dxc5 Bxc5 12. Bb4 b5 13. Qb3 Qb6 14. Bxc5 Qxc5 15.
Nbd2 a5 16. Ne4 Qb4+ 17. Qxb4 axb4 18. O-O Na6 19. Nd6+ Ke7 20. Rfd1 Rhf8 21.
Ng5 f6 22. exf6+ gxf6 23. Nh3 e5 24. Rd3 Bxh3 25. gxh3 Nc5 26. Rd2 Rad8 27. Rad1
f5 28. Nxb5 cxb5 29. Rd5 Rxd5 30. Rxd5 Rc8 31. Rxe5+ Kf6 32. Re2 Ra8 33. b3 Rh8
34. Kg2 Ne4 35. f4 Ra8 36. Kf3 Nc3 37. Rc2 Rxa2 0-1

[Event "AUTO-OPEN-3331"]
[Site "http://www.queenalice.com/game.php?id=1309438"]
[Date "2014.9.20"]
[Round "1"]
[White "bady"]
[Black "V_Spy"]
[Result "0-1"]
[WhiteElo "1098"]
[BlackElo "1832"]

1. Nf3 d5 2. d4 Nc6 3. e3 Nf6 4. Bb5 Bd7 5. Bxc6 Bxc6 6. Ne5 Qd6 7. Nc3 Nd7 8.
g3 Nxe5 9. dxe5 Qxe5 10. O-O O-O-O 11. Qg4+ f5 12. Qb4 d4 13. Ne2 Qe4 14. c3
Qh1# 0-1

[Event "AUTO-OPEN-3340"]
[Site "http://www.queenalice.com/game.php?id=1311883"]
[Date "2014.10.1"]
[Round "1"]
[White "SpongeBob"]
[Black "V_Spy"]
[Result "1-0"]
[WhiteElo "2205"]
[BlackElo "1794"]

1. c4 e5 2. Nc3 Nf6 3. g3 Bc5 4. Bg2 d6 5. e3 Bg4 6. Qb3 Bc8 7. Nge2 Nc6 8. O-O
a6 9. a3 Qd7 10. d4 Ba7 11. Rd1 exd4 12. exd4 Na5 13. Qa2 Qa4 14. Nxa4 1-0

[Event "AUTO-OPEN-3340"]
[Site "http://www.queenalice.com/game.php?id=1311884"]
[Date "2014.10.1"]
[Round "1"]
[White "V_Spy"]
[Black "SpongeBob"]
[Result "0-1"]
[WhiteElo "1792"]
[BlackElo "2202"]

1. e4 c5 2. Nf3 Nc6 3. Nc3 g6 4. d4 cxd4 5. Nxd4 Bg7 6. Be3 Nf6 7. Bc4 O-O 8.
Bb3 d6 9. f3 Bd7 10. Qd2 Rc8 11. O-O-O Ne5 12. h4 Nc4 13. Bxc4 Rxc4 14. h5 Nxh5
15. g4 Nf6 16. Nb3 Re8 17. Bh6 Bh8 18. Bg5 a5 19. Ne2 a4 20. Na5 Rc7 21. a3 b6
22. Rh2 bxa5 23. Qxa5 Rxc2+ 0-1

[Event "AUTO-OPEN-3340"]
[Site "http://www.queenalice.com/game.php?id=1311901"]
[Date "2014.10.1"]
[Round "1"]
[White "V_Spy"]
[Black "kandido"]
[Result "0-1"]
[WhiteElo "1794"]
[BlackElo "2186"]

1. e4 e5 2. Nf3 Nc6 3. c3 f5 4. d4 fxe4 5. Nxe5 Nf6 6. Nxc6 bxc6 7. c4 d5 8. b3
Bd6 9. Be3 O-O 10. Qd2 a5 11. Nc3 Ng4 12. cxd5 Nxe3 13. Qxe3 cxd5 14. Nxd5 c6
15. Qxe4 Re8 16. Qxe8+ Qxe8+ 17. Ne3 Bb4+ 18. Kd1 Be6 19. Bc4 Bxc4 20. bxc4 Qg6
21. a3 Qd3+ 0-1

[Event "AUTO-OPEN-3340"]
[Site "http://www.queenalice.com/game.php?id=1311902"]
[Date "2014.10.1"]
[Round "1"]
[White "kandido"]
[Black "V_Spy"]
[Result "1-0"]
[WhiteElo "2185"]
[BlackElo "1796"]

1. d4 d5 2. c4 e6 3. Nc3 Nf6 4. Bg5 Be7 5. Nf3 h6 6. Bh4 O-O 7. e3 b6 8. cxd5
Nxd5 9. Bxe7 Qxe7 10. Bd3 Nf6 11. O-O Bb7 12. Ne5 Nbd7 13. f4 Nxe5 14. fxe5 Nd7
15. Qg4 f5 16. exf6 Rxf6 17. Ne4 Rxf1+ 18. Rxf1 Bxe4 19. Qxe4 Nf6 20. Qxa8+ 1-0